| 000 | 01002nam0a2200289 4500 | ||
|---|---|---|---|
| 001 | RU\NLR\bibl\1792125 | ||
| 005 | 20260406122955.0 | ||
| 010 |
_a978-5-17-062862-9 _bАСТ |
||
| 010 |
_a978-5-271-35615-5 _bАстрель |
||
| 010 |
_a978-5226-03983-6 _dВКТ _91500 |
||
| 021 |
_aRU _b2011-48129 _93419 |
||
| 035 | _a(NLR Aleph) 001782827 | ||
| 090 |
_a1708478 _c1708478 |
||
| 100 | _a20110725d2011 |||y0rusy50 ca | ||
| 101 | 1 |
_arus _ceng |
|
| 102 | _aRU | ||
| 105 | _ay ||||||||| | ||
| 200 | 1 |
_aЛюбовь дикая и прекрасная _eроман _e[перевод с английского] _fБертрис Смолл |
|
| 210 |
_aМосква _cАСТ _cАстрель _aВладимир _cВКТ _d2011 |
||
| 215 |
_a508, [1] с. _d17 |
||
| 225 | 1 | _aмини-Шарм | |
| 700 | 1 |
_4070 _7ca _8rus _aСмолл _bБ. _f1937-2015 _gБертрис _9110856 _3RU\NLR\AUTH\77816 |
|
| 801 | 0 |
_aRU _bNLR _c20110725 _gRCR |
|
| 801 | 1 |
_aRU _bNLR _c20110725 |
|
| 942 | _cBOOK | ||
| 980 | _aNB | ||